[Event "AUTO-OPEN-3488"]
[Site "http://www.queenalice.com/game.php?id=1361703"]
[Date "2015.5.26"]
[Round "1"]
[White "bouley"]
[Black "edsom"]
[Result "1-0"]
[WhiteElo "2089"]
[BlackElo "1889"]

1. e4 e5 2. Bc4 Bc5 3. Nc3 Nf6 4. d3 Nc6 5. Nf3 h6 6. O-O d6 7. Be3 Bxe3 8. fxe3
Ng4 9. Qe2 Qe7 10. h3 Nf6 11. d4 Nh7 12. Nd5 Qd8 13. dxe5 Nxe5 14. Nxe5 dxe5 15.
Rad1 Bd7 16. Qf3 Ng5 17. Qf2 f6 18. Nc3 Qe7 19. h4 Ne6 20. Nb5 h5 21. Qf5 Nc5
22. Nxc7+ Kf8 23. Rxd7 Qxd7 24. Qxd7 Nxd7 25. Nxa8 Ke7 26. Nc7 Rc8 27. Nd5+ Ke8
28. Bb3 Nc5 29. Nc3 a6 30. Rd1 b5 31. Bd5 b4 32. Ne2 Rd8 33. c4 Nxe4 34. Bc6+
Ke7 35. Rxd8 Kxd8 36. Bxe4 Kc7 37. Ng3 1-0

[Event "AUTO-OPEN-3488"]
[Site "http://www.queenalice.com/game.php?id=1361704"]
[Date "2015.5.26"]
[Round "1"]
[White "edsom"]
[Black "bouley"]
[Result "0-1"]
[WhiteElo "1881"]
[BlackElo "2105"]

1. e4 Nc6 2. Bc4 Nf6 3. Nc3 e5 4. Nf3 Bc5 5. d3 O-O 6. Bg5 d6 7. Qe2 h6 8. Bd2
Bg4 9. h3 Be6 10. Bb3 Bxb3 11. axb3 Nb4 12. Qd1 c6 13. Na4 a5 14. Bxb4 axb4 15.
Nxc5 Rxa1 16. Qxa1 dxc5 17. Nxe5 Qc7 18. Nf3 b5 19. Nh4 g6 20. c3 Rd8 21. cxb4
Rxd3 22. bxc5 Nxe4 23. b4 Qf4 24. Nf3 Nd2 25. Qa8+ Kg7 26. Qxc6 Nxf3+ 27. gxf3
Qxb4+ 28. Ke2 Rd2+ 29. Kf1 Qxb2 30. Rh2 b4 31. Qe4 Qc1+ 32. Kg2 Qxc5 33. Kg3
Qg5+ 34. Qg4 Qxg4+ 35. fxg4 b3 36. Rh1 b2 37. Rb1 Kf6 38. Kf3 Ke5 39. Ke3 Rc2
40. f4+ Kd5 41. Kd3 Rh2 42. Kc3 Ke4 43. f5 Rxh3+ 44. Kxb2 gxf5 45. gxf5 Kxf5 46.
Kc2 h5 47. Kd2 Ke4 48. Ke2 Rh2+ 0-1

[Event "AUTO-OPEN-3488"]
[Site "http://www.queenalice.com/game.php?id=1361719"]
[Date "2015.5.26"]
[Round "1"]
[White "edsom"]
[Black "Yran"]
[Result "1-0"]
[WhiteElo "1829"]
[BlackElo "2226"]

1. e4 c6 2. Bc4 d5 3. exd5 cxd5 4. Bb3 Nf6 5. Nf3 Bg4 6. Nc3 e6 7. d4 Be7 8. Qe2
O-O 9. h3 Bh5 10. g4 Bg6 11. Be3 Nc6 12. g5 Ne4 13. Nxe4 Bxe4 14. c3 Rc8 15. Bc2
1-0

[Event "AUTO-OPEN-3488"]
[Site "http://www.queenalice.com/game.php?id=1361720"]
[Date "2015.5.26"]
[Round "1"]
[White "Yran"]
[Black "edsom"]
[Result "0-1"]
[WhiteElo "2203"]
[BlackElo "1859"]

1. d4 d5 2. c4 dxc4 3. Nc3 Bf5 4. e4 Bg6 5. Bxc4 Nc6 6. Nf3 Nf6 7. e5 Ne4 8. O-O
e6 9. Re1 Nxc3 10. bxc3 Be7 11. h3 h5 12. Bd3 Bxd3 13. Qxd3 Qd5 0-1

[Event "AUTO-ADV-3448"]
[Site "http://www.queenalice.com/game.php?id=1369892"]
[Date "2015.7.5"]
[Round "1"]
[White "maurice91"]
[Black "edsom"]
[Result "1-0"]
[WhiteElo "1766"]
[BlackElo "1840"]

1. d4 d5 2. Nf3 Bf5 3. Bf4 Nc6 4. c3 h6 5. h3 Nf6 6. e3 e6 7. Bd3 Bh7 8. Bxh7
Nxh7 9. Nbd2 Bd6 10. Bxd6 Qxd6 11. e4 Qd7 12. O-O g5 13. g4 Nf6 14. e5 Ne4 15.
Nxe4 dxe4 16. Nh2 Rh7 17. Qe2 Qd5 18. b3 Ke7 19. Rad1 Rah8 20. Qe3 h5 21. Qxg5+
Ke8 22. Qf4 hxg4 23. Nxg4 Rg8 24. Kh2 Rxg4 25. Qxg4 Ne7 26. Rfe1 Ng6 27. Rxe4
Qd8 28. Rd3 Rh4 29. Qf3 Rh7 30. Qg3 Qe7 31. d5 f5 32. exf6 Qf7 33. Rxe6+ Kf8 34.
Rde3 Nh4 35. Re7 Qh5 36. Rxh7 Qxh7 37. Re7 Nf5 38. Rxh7 1-0

[Event "AUTO-ADV-3448"]
[Site "http://www.queenalice.com/game.php?id=1369893"]
[Date "2015.7.5"]
[Round "1"]
[White "edsom"]
[Black "maurice91"]
[Result "1/2-1/2"]
[WhiteElo "1860"]
[BlackElo "1816"]

1. e4 c6 2. Bc4 d5 3. exd5 cxd5 4. Bb3 e5 5. Nf3 Nc6 6. Qe2 f6 7. Nc3 Be6 8. a3
Nge7 9. d3 Ng6 10. Bd2 Be7 11. Ba2 O-O 12. h4 h5 13. Nh2 Nxh4 14. Rg1 Bf7 15. g3
Nf5 16. g4 Nfd4 17. Qd1 h4 18. Nf3 Nxf3+ 19. Qxf3 Nd4 20. Qd1 g5 21. Be3 Nxc2+
22. Qxc2 d4 23. Bd2 dxc3 24. Bxc3 Bxa2 25. Rxa2 Qd5 26. Ra1 Bc5 27. d4 exd4 28.
Qg6+ Kh8 29. Qh6+ Kg8 1/2-1/2

[Event "AUTO-ADV-3448"]
[Site "http://www.queenalice.com/game.php?id=1369904"]
[Date "2015.7.5"]
[Round "1"]
[White "thw"]
[Black "edsom"]
[Result "1-0"]
[WhiteElo "1840"]
[BlackElo "1878"]

1. e4 e5 2. Nf3 Nc6 3. Bb5 Qf6 4. d3 Bc5 5. Bg5 Qe6 6. c3 a6 7. Bc4 Qd6 8. O-O
Nf6 9. Nbd2 b5 10. Bb3 Bb7 11. Bxf6 Qxf6 12. Nxe5 Qxe5 13. d4 Nxd4 14. cxd4 Bxd4
15. Nf3 Qf6 16. Qxd4 Qg6 17. Ne5 Qd6 18. Qxd6 cxd6 19. Nxf7 Rf8 20. Nxd6+ Kd8
21. Nxb7+ Kc7 22. Nc5 d6 23. Ne6+ 1-0

[Event "AUTO-ADV-3448"]
[Site "http://www.queenalice.com/game.php?id=1369905"]
[Date "2015.7.5"]
[Round "1"]
[White "edsom"]
[Black "thw"]
[Result "1-0"]
[WhiteElo "1836"]
[BlackElo "1806"]

1. e4 c5 2. Bc4 e6 3. Nf3 d5 4. exd5 exd5 5. Bb5+ Bd7 6. Bxd7+ Nxd7 7. d3 Ngf6
8. Bf4 Be7 9. Nc3 O-O 10. Qd2 d4 11. Ne4 Nxe4 12. dxe4 Nf6 13. h3 Nxe4 14. Qd3
Bf6 15. Qxe4 Re8 16. Ne5 Bxe5 17. Bxe5 f6 18. Qxb7 Rxe5+ 19. Kd1 Qb8 20. Qb3+
Qxb3 21. axb3 a5 22. c4 dxc3 23. bxc3 Rd8+ 24. Kc1 Ra8 25. f4 Re2 26. g4 g6 27.
Kd1 Rb2 28. f5 Rxb3 29. Kc2 Rb5 30. fxg6 hxg6 31. h4 Re8 32. Rh2 Re4 33. g5 f5
34. h5 gxh5 35. Rxh5 Kg7 36. Rh6 c4 37. Rd1 Rb7 38. Rdd6 Ra7 39. Rhg6+ Kf7 40.
Rgf6+ Ke7 41. g6 Rg4 42. Rb6 a4 43. Rf7+ 1-0

[Event "AUTO-ADV-3448"]
[Site "http://www.queenalice.com/game.php?id=1369912"]
[Date "2015.7.5"]
[Round "1"]
[White "edsom"]
[Black "TITAN10"]
[Result "0-1"]
[WhiteElo "1858"]
[BlackElo "1799"]

1. e4 c5 2. Bc4 d6 3. Nf3 Nf6 4. Ng5 e6 5. Nc3 h6 6. Nf3 Be7 7. d3 a6 8. a3 b5
9. Ba2 Bb7 10. Qe2 Nbd7 11. Bf4 e5 12. Bg3 Nb6 13. h3 Qc7 14. Bh2 c4 15. Nd2
cxd3 16. Qxd3 Rc8 17. Qg3 g6 18. Qe3 Bf8 19. Qf3 Bg7 20. g4 Nc4 21. Nxc4 bxc4
22. Qe2 g5 23. f3 Qc5 24. Nd1 Rc7 25. Bg1 Qa5+ 26. c3 O-O 27. Bxc4 d5 28. exd5
Nxd5 29. Bxd5 Qxd5 30. Kf2 f5 31. Ne3 Qc5 32. Kg2 e4 33. Kf1 exf3 34. Qd3 f2 35.
b4 Qxc3 36. Qd1 fxg1=Q+ 37. Rxg1 Qxe3 38. Rb1 Rfc8 39. Rb3 Qc1 40. Kf2 Rc2+ 0-1

[Event "AUTO-ADV-3448"]
[Site "http://www.queenalice.com/game.php?id=1369913"]
[Date "2015.7.5"]
[Round "1"]
[White "TITAN10"]
[Black "edsom"]
[Result "0-1"]
[WhiteElo "1787"]
[BlackElo "1821"]

1. e4 e5 2. Nf3 Nc6 3. Bb5 Qf6 4. c3 Nh6 5. h3 Bc5 6. Bxc6 bxc6 7. d4 exd4 8.
cxd4 Bb6 9. e5 Qe6 10. O-O Bb7 11. Be3 Nf5 12. Nc3 Nxe3 13. fxe3 c5 14. d5 Qg6
15. Qd2 c4 16. Kh1 Qh6 17. Nd4 g5 18. Qe2 Ba6 19. Qf3 Qg7 20. Qf5 Bc8 21. Qf3 h5
22. d6 Rb8 23. Nf5 Qxe5 24. Rad1 g4 25. Qf4 Qxf4 26. exf4 gxh3 27. Rde1+ Kf8 28.
gxh3 Bb7+ 29. Kh2 Rg8 30. Ne4 Rg6 31. dxc7 Bxc7 32. Nh4 Re6 33. Nc5 Rxe1 34.
Rxe1 Bxf4+ 35. Kg1 Bc6 36. Re2 d6 37. Ne4 Bxe4 38. Rxe4 Be5 39. Rxc4 Rxb2 40. a4
d5 41. Rc6 Rh2 42. Nf3 Rxh3 43. Nxe5 Re3 44. Nd7+ Kg7 45. Ra6 d4 46. Kf2 h4 47.
Rxa7 h3 48. Ra5 Kg6 49. Ne5+ Kg7 50. Ng4 Ra3 51. Kg1 d3 52. Nf2 d2 53. Kh2 f6
54. Nd1 Kg6 55. Nf2 f5 56. Ra6+ Kg5 57. a5 Kf4 58. Ra8 Kf3 59. Nd1 Ke2 60. Nb2
f4 61. Re8+ Kf1 62. Nd1 Ra1 63. Nc3 Rc1 0-1

[Event "AUTO-OPEN-3488"]
[Site "http://www.queenalice.com/game.php?id=1388920"]
[Date "2015.10.13"]
[Round "2"]
[White "junipero"]
[Black "edsom"]
[Result "1-0"]
[WhiteElo "2010"]
[BlackElo "1847"]

1. d4 d5 2. c4 dxc4 3. e3 Be6 4. Nc3 Bd5 5. Nf3 e6 6. g3 Nf6 7. Bg2 Bd6 8. O-O
Na6 9. a3 Qe7 10. Bd2 h6 11. Nxd5 Nxd5 12. b4 cxb3 13. Qxb3 b6 14. e4 Nf6 15. e5
Ne4 16. Be3 g5 17. exd6 Qxd6 18. Rfd1 g4 19. Bf4 Qe7 20. Ne5 h5 21. Bxe4 Rc8 22.
Bb7 h4 23. Bxc8 hxg3 24. fxg3 Nb8 25. Nxg4 f5 26. Nf6+ Qxf6 27. Be5 Qh6 28. Bxh8
Qxh8 29. Qxe6+ Kd8 30. d5 a6 31. d6 Qh7 32. d7 Qh8 33. Qxf5 Qg7 34. Qe6 Qh8 35.
Re1 Qd4+ 36. Kh1 Qxd7 37. Bxd7 Nxd7 38. Qe8# 1-0

[Event "AUTO-OPEN-3488"]
[Site "http://www.queenalice.com/game.php?id=1388921"]
[Date "2015.10.13"]
[Round "2"]
[White "edsom"]
[Black "junipero"]
[Result "0-1"]
[WhiteElo "1838"]
[BlackElo "1967"]

1. e4 c5 2. Bc4 Nc6 3. Nf3 d6 4. Nc3 Nf6 5. Ng5 e6 6. a3 h6 7. Nf3 Be7 8. d3 O-O
9. Ba2 e5 10. Qe2 Bg4 11. h3 Nd4 12. Qd1 Bxf3 13. gxf3 Nh5 14. Be3 Bg5 15. Bxd4
cxd4 16. Nd5 Nf4 17. h4 Bxh4 18. Qd2 Qg5 19. O-O-O Nxd5 20. Rdg1 Qxd2+ 21. Kxd2
Bg5+ 22. Kd1 Nf4 23. Bb3 b5 24. Ba2 a5 25. Re1 b4 26. a4 Rac8 27. Bc4 Rc5 28. b3
Rfc8 29. Rh2 Kf8 30. Rg1 d5 31. exd5 Nxd5 32. Bxd5 Rxd5 33. Rxg5 Rdc5 34. c4
bxc3 35. Rf5 c2+ 36. Kc1 f6 37. f4 exf4 38. Rxc5 Rxc5 39. Rh4 Rc3 40. Rxf4 Rxb3
41. Kxc2 Rb4 42. Rh4 Rxa4 43. Kb3 Rb4+ 44. Ka3 f5 45. f3 Kf7 0-1